000 00403nam a2200157Ia 4500
008 230711s9999||||xx |||||||||||||| ||und||
041 _aENG
082 _a624.183
_bRA-D
100 _aRamamrutham.S
245 0 _aDesign of reinforced concrete structures
250 _a17th Ed.
260 _c2010
_aNew Delhi
_bDhanpat Rai & Co.(Pvt.)Ltd.
300 _a1584
650 _aCivil Engineering
942 _cBK
999 _c5634
_d5634